Мозг Ленина: Роман : [Пер. с нем.]

Bibliografische gegevens
Hoofdauteur: Шпенглер Т. Тильман
Samenvatting:Исключено из фонда НТБ ТПУ
Taal:Russisch
Gepubliceerd in: СПб., Лениздат, 1994
Onderwerpen:
Formaat: MixedMaterials Boek
KOHA link:https://koha.lib.tpu.ru/cgi-bin/koha/opac-detail.pl?biblionumber=127453

MARC

LEADER 00000nam0a2200000 4500
001 127453
005 20231101220044.0
010 |a 5289017844 
020 |a RU  |b 94-23554 
035 |a (RuTPU)RU\TPU\book\137884 
090 |a 127453 
100 |a 20071214d1994 m y0rusy5003 ca 
101 1 |a rus  |c ger 
102 |a RU 
105 |a y z 000ay 
200 1 |a Мозг Ленина  |e Роман : [Пер. с нем.]  |f Т. Шпенглер 
210 |a СПб.  |c Лениздат  |d 1994 
215 |a 350,[1] с.  |d 17 см 
333 |a Исключено из фонда НТБ ТПУ 
600 1 |a Ленин  |b В. И.  |c настоящая фамилия Ульянов  |c российский политический деятель  |f 1870-1924  |g Владимир Ильич  |2 stltpush  |3 (RuTPU)RU\TPU\pers\1074  |9 486 
675 |a 83  |z rus 
700 1 |a Шпенглер  |b Т.  |g Тильман  |4 070 
801 0 |a RU  |b RuMRKP  |c 19950413  |g psbo 
801 1 |a RU  |b 63413507  |c 20071214  |g PSBO 
801 2 |a RU  |b 63413507  |c 20211217  |g PSBO 
942 |c BK